Tampa Bay Rays 2024 Opening Day Lineup - Statistics

General Stats
  • This quiz has been taken 22 times
  • The average score is 5 of 10
Answer Stats
Position Player % Correct
1B Yandy Diaz
93%
LF Randy Arozarena
87%
2B Brandon Lowe
73%
3B Isaac Paredes
73%
SS Jose Caballero
47%
CF Jose Siri
40%
DH Harold Ramirez
33%
SP Zach Eflin
33%
C Rene Pinto
20%
RF Richie Palacios
20%
No matching quizzes found
Score Distribution
Percent of People with Each Score
Percentile by Number Answered
Your Score History
You have not taken this quiz